000 00478nam a2200193 a 4500
001 1758344547517
003 ACL
005 20250920103436.0
008 250920s2006##################000#0#eng##
020 _a9781598690552
082 0 4 _a793.74
_bTIM
100 1 _aTimmerman, Charles,
_eauthor.
245 1 0 _aThe Everything 30-Minute Sudoku Book :
260 _bAdams Media,
_c2006.
300 _a288 pages
650 0 _aGames.
942 _cENGLISH
040 _aACL
_beng
_cACL
999 _c588237
_d588237